Vai trò của nhà nước trong quá trình phát triển kinh tế ở Philippin

Na minha lista:
Detalhes bibliográficos
Autor principal: Phạm Thị Thanh Bình, TS
Formato: Livro
Publicado em: Khoa học xã hội 2004
Tags: Adicionar Tag
Sem tags, seja o primeiro a adicionar uma tag!
Thư viện lưu trữ: Mạng thư viện Đại học Đà Nẵng
LEADER 00627nam a2200229 a 4500
001 000029361
003 19453
005 20171030145630.0
008 171030s2004
020 |c 36000 
040 |a LTT 
082 0 |a 330.96  |b PH-B 
100 1 |a Phạm Thị Thanh Bình, TS 
245 0 0 |a Vai trò của nhà nước trong quá trình phát triển kinh tế ở Philippin  |c Phạm Thị Thanh Bình. 
260 |b Khoa học xã hội  |c 2004 
OWN |a LTT 
999 |a From the UDN01 
TYP |a Monograph 
TYP |a Printed language 
980 |a Mạng thư viện Đại học Đà Nẵng